<?xml version="1.0" encoding="UTF-8"?>
<record
    xmlns:xsi="http://www.w3.org/2001/XMLSchema-instance"
    xsi:schemaLocation="http://www.loc.gov/MARC21/slim http://www.loc.gov/standards/marcxml/schema/MARC21slim.xsd"
    xmlns="http://www.loc.gov/MARC21/slim">

  <leader>00814nam a22002172a 4500</leader>
  <datafield tag="020" ind1=" " ind2=" ">
    <subfield code="a">9789696374626</subfield>
  </datafield>
  <datafield tag="040" ind1=" " ind2=" ">
    <subfield code="c">NSHSPK</subfield>
  </datafield>
  <datafield tag="082" ind1=" " ind2=" ">
    <subfield code="a">618.92076</subfield>
    <subfield code="b">ZAM</subfield>
  </datafield>
  <datafield tag="100" ind1="1" ind2=" ">
    <subfield code="a">Zaman, Sameera K.</subfield>
    <subfield code="9">126863</subfield>
  </datafield>
  <datafield tag="245" ind1="1" ind2=" ">
    <subfield code="a">OSCEs in paediatrics /</subfield>
    <subfield code="c">Sameera K. Zaman.</subfield>
  </datafield>
  <datafield tag="246" ind1="1" ind2=" ">
    <subfield code="a">Objective Structured Clinical Examination in paediatrics</subfield>
  </datafield>
  <datafield tag="246" ind1="1" ind2=" ">
    <subfield code="a">OSCEs in pediatrics</subfield>
  </datafield>
  <datafield tag="246" ind1="1" ind2=" ">
    <subfield code="a">Objective Structured Clinical Examination in pediatrics</subfield>
  </datafield>
  <datafield tag="250" ind1=" " ind2=" ">
    <subfield code="a">Fourth edition</subfield>
  </datafield>
  <datafield tag="260" ind1=" " ind2=" ">
    <subfield code="a">Karachi (Pakistan) :</subfield>
    <subfield code="b">Paramount Books (Pvt.) Ltd.,</subfield>
    <subfield code="c">2022.</subfield>
  </datafield>
  <datafield tag="300" ind1=" " ind2=" ">
    <subfield code="a">262 pages :</subfield>
    <subfield code="b">illustrations (some color);</subfield>
    <subfield code="c">20 cm.</subfield>
  </datafield>
  <datafield tag="650" ind1=" " ind2="0">
    <subfield code="a">Pediatric</subfield>
    <subfield code="x">OSCE</subfield>
    <subfield code="9">126864</subfield>
  </datafield>
  <datafield tag="650" ind1=" " ind2="0">
    <subfield code="a">Pediatric</subfield>
    <subfield code="x">Objective Structured Clinical Examination</subfield>
    <subfield code="9">126865</subfield>
  </datafield>
  <datafield tag="942" ind1=" " ind2=" ">
    <subfield code="2">ddc</subfield>
    <subfield code="c">BK</subfield>
  </datafield>
  <datafield tag="999" ind1=" " ind2=" ">
    <subfield code="c">612291</subfield>
    <subfield code="d">612291</subfield>
  </datafield>
  <datafield tag="952" ind1=" " ind2=" ">
    <subfield code="0">0</subfield>
    <subfield code="1">0</subfield>
    <subfield code="2">ddc</subfield>
    <subfield code="4">0</subfield>
    <subfield code="7">0</subfield>
    <subfield code="a">NSHS</subfield>
    <subfield code="b">NSHS</subfield>
    <subfield code="c">GEN</subfield>
    <subfield code="d">2024-10-08</subfield>
    <subfield code="e">Allied Book Company</subfield>
    <subfield code="g">645.00</subfield>
    <subfield code="o">618.92076 ZAM</subfield>
    <subfield code="p">NSHS-1952</subfield>
    <subfield code="r">2024-11-11</subfield>
    <subfield code="t">c.1</subfield>
    <subfield code="v">1290.00</subfield>
    <subfield code="w">2024-10-08</subfield>
    <subfield code="y">BK</subfield>
  </datafield>
  <datafield tag="952" ind1=" " ind2=" ">
    <subfield code="0">0</subfield>
    <subfield code="1">0</subfield>
    <subfield code="2">ddc</subfield>
    <subfield code="4">0</subfield>
    <subfield code="7">0</subfield>
    <subfield code="a">NSHS</subfield>
    <subfield code="b">NSHS</subfield>
    <subfield code="c">GEN</subfield>
    <subfield code="d">2024-10-08</subfield>
    <subfield code="e">Allied Book Company</subfield>
    <subfield code="g">645.00</subfield>
    <subfield code="o">618.92076 ZAM</subfield>
    <subfield code="p">NSHS-1953</subfield>
    <subfield code="r">2024-11-11</subfield>
    <subfield code="t">c.2</subfield>
    <subfield code="v">1290.00</subfield>
    <subfield code="w">2024-10-08</subfield>
    <subfield code="y">BK</subfield>
  </datafield>
  <datafield tag="952" ind1=" " ind2=" ">
    <subfield code="0">0</subfield>
    <subfield code="1">0</subfield>
    <subfield code="2">ddc</subfield>
    <subfield code="4">0</subfield>
    <subfield code="7">0</subfield>
    <subfield code="a">NSHS</subfield>
    <subfield code="b">NSHS</subfield>
    <subfield code="c">GEN</subfield>
    <subfield code="d">2024-10-08</subfield>
    <subfield code="e">Allied Book Company</subfield>
    <subfield code="g">645.00</subfield>
    <subfield code="o">618.92076 ZAM</subfield>
    <subfield code="p">NSHS-1954</subfield>
    <subfield code="r">2024-11-11</subfield>
    <subfield code="t">c.3</subfield>
    <subfield code="v">1290.00</subfield>
    <subfield code="w">2024-10-08</subfield>
    <subfield code="y">BK</subfield>
  </datafield>
  <datafield tag="952" ind1=" " ind2=" ">
    <subfield code="0">0</subfield>
    <subfield code="1">0</subfield>
    <subfield code="2">ddc</subfield>
    <subfield code="4">0</subfield>
    <subfield code="7">0</subfield>
    <subfield code="a">NSHS</subfield>
    <subfield code="b">NSHS</subfield>
    <subfield code="c">GEN</subfield>
    <subfield code="d">2024-10-08</subfield>
    <subfield code="e">Allied Book Company</subfield>
    <subfield code="g">645.00</subfield>
    <subfield code="o">618.92076 ZAM</subfield>
    <subfield code="p">NSHS-1955</subfield>
    <subfield code="r">2024-11-11</subfield>
    <subfield code="t">c.4</subfield>
    <subfield code="v">1290.00</subfield>
    <subfield code="w">2024-10-08</subfield>
    <subfield code="y">BK</subfield>
  </datafield>
  <datafield tag="952" ind1=" " ind2=" ">
    <subfield code="0">0</subfield>
    <subfield code="1">0</subfield>
    <subfield code="2">ddc</subfield>
    <subfield code="4">0</subfield>
    <subfield code="7">1</subfield>
    <subfield code="a">NSHS</subfield>
    <subfield code="b">NSHS</subfield>
    <subfield code="c">REF</subfield>
    <subfield code="d">2024-10-08</subfield>
    <subfield code="e">Allied Book Company</subfield>
    <subfield code="g">645.00</subfield>
    <subfield code="o">R 618.92076 ZAM</subfield>
    <subfield code="p">NSHS-1956</subfield>
    <subfield code="r">2024-11-11</subfield>
    <subfield code="t">c.5</subfield>
    <subfield code="v">1290.00</subfield>
    <subfield code="w">2024-10-08</subfield>
    <subfield code="y">BK</subfield>
  </datafield>
</record>
